Krstný otec /

Gespeichert in:
Bibliographische Detailangaben
1. Verfasser: PUZO, Mario (Verfasst von)
Weitere Verfasser: RUPPELDTOVÁ, Taťjana (Übersetzung)
Format: Buch
Sprache:Slowakisch
Veröffentlicht: Bratislava Tatran 1974
Ausgabe:2. vydanie
Tags: Tag hinzufügen
Keine Tags, Fügen Sie das erste Tag hinzu!

MARC

LEADER 00000nam a22000003a 4500
001 0102441
003 SK-STU
005 20230607124420.0
007 ta
008 230607s ----xo-----e------000-0-----d
040 |a STU  |b slo 
041 0 |a slo 
044 |a xo 
100 1 |a PUZO, Mario  |4 aut 
245 1 0 |a Krstný otec /  |c aut. Mario PUZO ; prekl. Taťjana RUPPELDTOVÁ 
250 |a 2. vydanie 
260 |a Bratislava  |b Tatran  |c 1974 
300 |a 400 str. 
700 1 |a RUPPELDTOVÁ, Taťjana  |4 trl 
996 |c I* 4SOA13924  |l I  |s A  |a 24  |w 0102441_0001